[Event "Niedersachsen-ch op A"]
[Site "Verden"]
[Date "2018.01.07"]
[Round "7"]
[White "Laubrock, Paul"]
[Black "Bleecke, Sebastian"]
[Result "1/2-1/2"]
[WhiteElo "1936"]
[BlackElo "2112"]
[PlyCount "139"]
[EventDate "2018.01.04"]
[EventType "swiss"]
[EventRounds "7"]
[EventCountry "GER"]
[SourceTitle "EXT 2022"]
[Source "ChessBase"]
[SourceDate "2021.10.06"]
[SourceVersion "1"]
[SourceVersionDate "2021.10.06"]
[SourceQuality "1"]

1. d4 Nf6 2. Nc3 d5 3. Bg5 Nbd7 4. Qd3 h6 5. Bh4 e6 6. e4 Bb4 7. exd5 exd5 8. 0-0-0 Be7 9. Re1 0-0 10. Nf3 Re8 11. Qe3 c6 12. Bd3 b5 13. Bxf6 Nxf6 14. Ne5 Bd7 15. Qf3 Bb4 16. Nxd7 Qxd7 17. Bf5 Qc7 18. a3 Bxc3 19. bxc3 Qd6 20. Kb2 a5 21. Qg3 Qxg3 22. hxg3 a4 23. Kc1 Kf8 24. Kd2 Rxe1 25. Rxe1 Re8 26. Rxe8+ Kxe8 27. Bd3 Ke7 28. Ke3 Ne8 29. Kf4 Nd6 30. Ke3 Ke6 31. Kf3 h5 32. Ke3 f5 33. f3 Kf6 34. Kf4 g6 35. Bf1 Ne8 36. Bd3 Ng7 37. Bf1 Ne6+ 38. Ke3 Kg5 39. Bd3 Nc7 40. Bf1 Ne8 41. Be2 Nd6 42. Bd3 Nc4+ 43. Bxc4 bxc4 44. Ke2 f4 45. Kf2 fxg3+ 46. Kxg3 Kf5 47. Kf2 g5 48. Ke3 h4 49. Ke2 Kf4 50. Kf2 g4 51. fxg4 Kxg4 52. Ke2 Kg3 53. Kf1 h3 54. gxh3 Kxh3 55. Kg1 Kg3 56. Kf1 Kf3 57. Ke1 Ke3 58. Kd1 Kf2 59. Kd2 Kf3 60. Kd1 Kg4 61. Ke2 Kg5 62. Ke3 Kg6 63. Ke2 Kf6 64. Ke3 Ke7 65. Kf3 Kd7 66. Kf4 Ke6 67. Kg4 Kf6 68. Kf4 Ke6 69. Kg5 Ke7 70. Kf5 1/2-1/2

[Event "Niedersachsen-ch op A"]
[Site "Verden"]
[Date "2018.01.04"]
[Round "2"]
[White "Bleecke, Sebastian"]
[Black "Stelmaszyk, Nico"]
[Result "1/2-1/2"]
[WhiteElo "2112"]
[BlackElo "1971"]
[PlyCount "93"]
[EventDate "2018.01.04"]
[EventType "swiss"]
[EventRounds "7"]
[EventCountry "GER"]
[SourceTitle "EXT 2022"]
[Source "ChessBase"]
[SourceDate "2021.10.06"]
[SourceVersion "1"]
[SourceVersionDate "2021.10.06"]
[SourceQuality "1"]

1. d4 d5 2. c4 Nc6 3. Nc3 dxc4 4. Nf3 e6 5. e3 Nf6 6. Bxc4 Be7 7. 0-0 0-0 8. Qe2 Na5 9. Bd3 c5 10. dxc5 Bxc5 11. e4 h6 12. e5 Nd5 13. Nxd5 exd5 14. Be3 Bxe3 15. Qxe3 Be6 16. b3 Nc6 17. Rac1 Qb6 18. Qf4 Qb4 19. Qxb4 Nxb4 20. Bb1 Rac8 21. Nd4 Nc6 22. Nxc6 Rxc6 23. Rxc6 bxc6 24. Rc1 Rc8 25. Rc5 Bd7 26. f4 Kf8 27. Kf2 Ke7 28. Ke3 f6 29. exf6+ gxf6 30. b4 Kd6 31. Bd3 Re8+ 32. Kd2 Rg8 33. g3 h5 34. Ra5 h4 35. Rxa7 hxg3 36. hxg3 Rxg3 37. a4 Rf3 38. a5 Rxf4 39. Kc3 Rf3 40. Kd2 Rf4 41. Rb7 Bc8 42. Rb6 Kc7 43. Ke3 Rh4 44. b5 cxb5 45. Rxf6 Ra4 46. Rf7+ Kb8 47. Bxb5 1/2-1/2

[Event "Vellmar op 7th"]
[Site "Vellmar"]
[Date "2015.08.06"]
[Round "1"]
[White "Dorst, Johannes"]
[Black "Bleecke, Sebastian"]
[Result "1-0"]
[WhiteElo "2207"]
[BlackElo "1932"]
[PlyCount "123"]
[EventDate "2015.08.06"]
[EventType "swiss"]
[EventRounds "7"]
[EventCountry "GER"]
[SourceTitle "CBM 167 Extra"]
[Source "ChessBase"]
[SourceDate "2015.09.14"]
[SourceVersion "1"]
[SourceVersionDate "2015.09.14"]
[SourceQuality "1"]

1. e4 c5 2. Nc3 Nc6 3. Bb5 Nd4 4. Bc4 e6 5. Nf3 Nf6 6. 0-0 d5 7. exd5 exd5 8. Nxd5 Nxd5 9. Nxd4 cxd4 10. Qh5 Be6 11. Re1 Nf4 12. Bb5+ Ke7 13. Qg5+ f6 14. Qxf4 Kf7 15. Qe4 Qd5 16. Qxd5 Bxd5 17. b3 Rc8 18. Bd3 Bb4 19. a3 Ba5 20. b4 Bb6 21. Bb2 a5 22. bxa5 Bxa5 23. Red1 Bb6 24. a4 Bc5 25. a5 Ra8 26. Ra4 Bc6 27. Rc4 Rxa5 28. Bxd4 Bd6 29. Rc3 Rha8 30. Bc4+ Kf8 31. f3 Ra1 32. Rxa1 Rxa1+ 33. Kf2 Ra4 34. d3 Bd7 35. Be3 Ra1 36. Bd5 Be5 37. Bc5+ Ke8 38. d4 Bxh2 39. Bxb7 Bb5 40. g3 Bg1+ 41. Kg2 Bf1+ 42. Kxg1 Ba6+ 43. Kf2 Bxb7 44. Re3+ Kd8 45. Re7 Bd5 46. Rxg7 Ra2 47. Bb6+ Ke8 48. Rc7 Ra6 49. Rc5 Bxf3 50. Kxf3 Rxb6 51. Rc7 Kd8 52. Rxh7 Rc6 53. Rh2 Ke7 54. Ke4 Kd6 55. Kd3 Rc8 56. c4 Rg8 57. Rh3 f5 58. Ke3 Rg4 59. Rh6+ Ke7 60. c5 Rxg3+ 61. Kf4 Rd3 62. Rd6 1-0

[Event "Haarlem Nova College op-B 12th"]
[Site "Haarlem"]
[Date "2013.06.30"]
[Round "6"]
[White "Feltman, Bart"]
[Black "Bleecke, Sebastian"]
[Result "1/2-1/2"]
[WhiteElo "1714"]
[BlackElo "1716"]
[PlyCount "48"]
[EventDate "2013.06.28"]
[EventType "swiss"]
[EventRounds "6"]
[EventCountry "NED"]
[SourceTitle "EXT 2015"]
[Source "ChessBase"]
[SourceDate "2014.11.20"]
[SourceVersion "1"]
[SourceVersionDate "2014.11.20"]
[SourceQuality "1"]

1. b4 d5 2. Bb2 Bg4 3. h3 Bh5 4. Nf3 Bxf3 5. exf3 e6 6. c4 c6 7. a3 Nf6 8. d3 Nbd7 9. Nd2 Bd6 10. Be2 0-0 11. 0-0 a5 12. c5 Be7 13. f4 b6 14. d4 Qc7 15. g3 Rfb8 16. Bc3 bxc5 17. bxc5 Ne4 18. Nxe4 dxe4 19. Qc2 Nf6 20. f3 exf3 21. Bxf3 Nd5 22. Rfb1 g5 23. Bxd5 exd5 24. Bd2 Bf6 1/2-1/2

[Event "Haarlem Nova College op-B 12th"]
[Site "Haarlem"]
[Date "2013.06.29"]
[Round "2"]
[White "Bleecke, Sebastian"]
[Black "Haver, Sjoerd"]
[Result "0-1"]
[WhiteElo "1716"]
[BlackElo "1727"]
[PlyCount "42"]
[EventDate "2013.06.28"]
[EventType "swiss"]
[EventRounds "6"]
[EventCountry "NED"]
[SourceTitle "EXT 2015"]
[Source "ChessBase"]
[SourceDate "2014.11.20"]
[SourceVersion "1"]
[SourceVersionDate "2014.11.20"]
[SourceQuality "1"]

1. e4 c6 2. d4 d5 3. e5 Bf5 4. h4 h5 5. c4 e6 6. Nc3 c5 7. cxd5 exd5 8. Bb5+ Nc6 9. Bg5 Be7 10. Bxe7 Ngxe7 11. Nge2 0-0 12. Qd2 cxd4 13. Nxd4 Nxe5 14. Nxf5 Nxf5 15. Qxd5 Qxd5 16. Nxd5 Nd4 17. Ba4 Nd3+ 18. Kd2 Nxb2 19. Bc2 Rfd8 20. Kc3 Rac8+ 21. Kxb2 Rxc2+ 0-1

[Event "Haarlem Nova College op-B 12th"]
[Site "Haarlem"]
[Date "2013.06.28"]
[Round "1"]
[White "De Kleuver, Jonathan"]
[Black "Bleecke, Sebastian"]
[Result "0-1"]
[WhiteElo "1879"]
[BlackElo "1716"]
[PlyCount "92"]
[EventDate "2013.06.28"]
[EventType "swiss"]
[EventRounds "6"]
[EventCountry "NED"]
[SourceTitle "EXT 2015"]
[Source "ChessBase"]
[SourceDate "2014.11.20"]
[SourceVersion "1"]
[SourceVersionDate "2014.11.20"]
[SourceQuality "1"]

1. e4 c5 2. Nf3 d6 3. d4 cxd4 4. Nxd4 Nf6 5. Nc3 a6 6. Be2 e5 7. Nb3 Be7 8. Be3 Be6 9. 0-0 0-0 10. Nd2 Qc7 11. Na4 Nbd7 12. c4 b5 13. cxb5 axb5 14. Bxb5 Rfb8 15. Bd3 Ng4 16. b3 Nxe3 17. fxe3 Bg5 18. Qf3 Nc5 19. Nxc5 Qxc5 20. Nc4 Ra7 21. Rfe1 Qb4 22. Qg3 Bh6 23. Qf2 Rc8 24. Qe2 g6 25. Kf2 f5 26. exf5 Rf7 27. g4 gxf5 28. g5 Bg7 29. a3 Qc5 30. b4 Qc7 31. Rac1 Qe7 32. Qh5 e4 33. Bf1 f4 34. Red1 fxe3+ 35. Ke1 Rxf1+ 36. Kxf1 Bxc4+ 37. Kg1 e2 38. Re1 Qe6 39. Kg2 Rf8 40. Rxe2 Bxe2 41. Qxe2 Rf3 42. Qa6 Qh3+ 43. Kh1 Rf8 44. Qc4+ Kh8 45. a4 Be5 46. Qc2 Rf1+ 0-1